000 01089nam a22002177a 4500
999 _c16314
_d16314
003 AR-CdUCM
008 190405b ||||| |||| 00| 0 spa d
040 _aMUNICIPALIDAD PROVINCIAL DEL CUSCO
_cBIBLIOTECA MUNICIPAL DEL CUSCO
082 _a888.51 /
_bP68
_22ed
100 _aPlutarco
_926909
245 _aVidas paralelas V :
_bAgelilao - Pompeyo - Alejandro - Gayo Julio César /
260 _aBuenos Aires :
_bLosada S A.,
_c1940.
300 _a271 páginas ;
_c17 cm.
505 _aContenido : t.1 : Teseo -- Rómulo -- Comparación de Teseo y Rómulo Licurgo -- Numa -- Comparacion de Lícurgo y Numa -- t.2 : Aristides -- Marco Catón -- Filpemen -- Tito Quincio Flaminino --Pirro -- t.3 : Pericles -- Fabio Maximo -- Comparacion de Pericles y Fabio Máximo -- Alcibiades -- Cayo Marcio Coriolano... t.4. Cimón -- Luculo -- Nicias -- Marco Craso -- Sertorio Éumenes.
650 _aPensamiento universal
_92140
650 _aLiteratura
_983
650 _aObras maestras
_915062
700 _aHenríquez Ureña, Pedro
_913415
942 _2ddc
_cLIBROS
945 _adavv
_d03/05/2019